| 000 | 00708nam a22002057a 4500 | ||
|---|---|---|---|
| 005 | 20251108171935.0 | ||
| 008 | 250721s1983 xx 000 0 ara d | ||
| 082 | 1 | 4 | _a185/أرس |
| 100 | 1 | _aطاليس، أرسطو | |
| 245 | 1 | 0 | _aكتاب الدال الأرسطو / |
| 264 | 1 |
_aتونس : _bالمعهد القومي لعلوم التربية، _c1983. |
|
| 300 | _a88ص | ||
| 490 | 0 | _aسلسلة الدراسات الفلسفية | |
| 650 | 1 | 7 | _aالفلسفة القديمة |
| 700 | 1 |
_aالمراق، عبد الكريم _eترجمة |
|
| 700 | 1 |
_aالمرزوقي، محمد الحبيب _eترجمة |
|
| 700 | 1 |
_aالمحجوب، محمد _eترجمة |
|
| 942 |
_2ddc _cBK |
||
| 999 |
_c66454 _d66454 |
||